| 000 | 00554nam a2200181 a 4500 | ||
|---|---|---|---|
| 005 | 20140412111316.0 | ||
| 008 | 010321s19uu xx 00 eng d | ||
| 020 | _a0-7853-1341-9 | ||
| 050 |
_aER _bPo75su 1995 |
||
| 100 | _aAlkars, Colin | ||
| 245 |
_aPooh: sunny day band / _cwritten by Colin Alkars; illustrated by Art Mawhinney. |
||
| 260 |
_aLincoln, Illinois : _bThe Walt Disney Company, _c1995. |
||
| 300 | _a1 v. (unp.) ; ill. | ||
| 440 | _aLittle Play-a-Sound | ||
| 650 | _aPooh - Stories | ||
| 650 | _aChildren's Stories | ||
| 999 |
_c104226 _d104226 |
||